[Event "Maastricht Limburg op-C 8th"]
[Site "Maastricht"]
[Date "2014.06.09"]
[Round "6"]
[White "Muntean, Victor"]
[Black "Slangen Knuit, Dien"]
[Result "1-0"]
[WhiteElo "1138"]
[BlackElo "1073"]
[PlyCount "39"]
[EventDate "2014.06.06"]
[EventType "swiss"]
[EventRounds "7"]
[EventCountry "NED"]
[SourceTitle "EXT 2015"]
[Source "ChessBase"]
[SourceDate "2014.11.20"]
[SourceVersion "1"]
[SourceVersionDate "2014.11.20"]
[SourceQuality "1"]

1. e4 e5 2. Nf3 d6 3. Bc4 h6 4. d4 exd4 5. Nxd4 Nf6 6. Nc3 Be7 7. 0-0 0-0 8. Bf4 a6 9. e5 dxe5 10. Bxe5 Nbd7 11. Bxf6 Nxf6 12. Re1 c5 13. Nf3 Qb6 14. Rxe7 Be6 15. Nd5 Bxd5 16. Bxd5 Rad8 17. c4 Qd6 18. Rxb7 Nxd5 19. Qxd5 Qe7 20. Rxe7 1-0

[Event "Maastricht Limburg op-C 6th"]
[Site "Maastricht"]
[Date "2012.05.28"]
[Round "7"]
[White "De Lange, Marieke"]
[Black "Slangen Knuit, Dien"]
[Result "1-0"]
[WhiteElo "1223"]
[BlackElo "1117"]
[PlyCount "51"]
[EventDate "2012.05.25"]
[EventType "swiss"]
[EventRounds "7"]
[EventCountry "NED"]
[SourceTitle "EXT 2013"]
[Source "ChessBase"]
[SourceDate "2012.11.22"]
[SourceVersion "1"]
[SourceVersionDate "2012.11.22"]
[SourceQuality "1"]

1. d4 d5 2. c4 e6 3. Nf3 c6 4. Nc3 dxc4 5. e4 b5 6. a3 Nd7 7. Be2 Qe7 8. 0-0 a6 9. b3 cxb3 10. Qxb3 c5 11. dxc5 Nxc5 12. Qc2 e5 13. Nd5 Qd6 14. Rd1 Qb8 15. Be3 Nd7 16. Nc7+ Kd8 17. Nxa8 Qxa8 18. Nxe5 Ngf6 19. Nxf7+ Ke8 20. Nxh8 Qb8 21. Qb3 Ne5 22. f4 Nc4 23. Bxc4 Nd7 24. Be2 Bb7 25. Qf7+ Kd8 26. Qxd7# 1-0

[Event "Maastricht Limburg op-C 6th"]
[Site "Maastricht"]
[Date "2012.05.27"]
[Round "5"]
[White "Hoferichter, Michael"]
[Black "Slangen Knuit, Dien"]
[Result "1-0"]
[WhiteElo "1188"]
[BlackElo "1117"]
[PlyCount "91"]
[EventDate "2012.05.25"]
[EventType "swiss"]
[EventRounds "7"]
[EventCountry "NED"]
[SourceTitle "EXT 2013"]
[Source "ChessBase"]
[SourceDate "2012.11.22"]
[SourceVersion "1"]
[SourceVersionDate "2012.11.22"]
[SourceQuality "1"]

1. d4 d5 2. Nf3 e6 3. e3 Nf6 4. Bd3 Be7 5. Nbd2 0-0 6. c3 c6 7. e4 dxe4 8. Nxe4 Nbd7 9. Nxf6+ Nxf6 10. h4 h6 11. Rh3 e5 12. Nxe5 Bxh3 13. gxh3 Qd5 14. f3 Bd6 15. Bf4 Rfe8 16. Qe2 Nh5 17. Be4 Qe6 18. Qh2 f5 19. Bc2 Qf6 20. Bb3+ Kh7 21. 0-0-0 Qxh4 22. Bd2 Ng3 23. Rg1 f4 24. Bc2+ g6 25. Nxg6 Ne2+ 26. Qxe2 Rxe2 27. Nxh4+ Kh8 28. Ng6+ Kg7 29. Nxf4+ Kf6 30. Nxe2 Re8 31. Kd1 Bh2 32. Rg6+ Ke7 33. Bf4 Bxf4 34. Nxf4 Rf8 35. Re6+ Kd7 36. Re4 Rg8 37. Ne2 Rg2 38. Rg4 Rf2 39. Be4 h5 40. Rg7+ Kd6 41. Rxb7 Rf1+ 42. Kc2 Rf2 43. Kd2 Rh2 44. c4 Rxh3 45. Bf5 Rxf3 46. Rd7# 1-0

[Event "Maastricht Limburg op-C 5th"]
[Site "Maastricht"]
[Date "2011.06.12"]
[Round "5"]
[White "Slangen Knuit, Dien"]
[Black "Snoeks, Marnicq"]
[Result "1-0"]
[WhiteElo "1111"]
[BlackElo "1387"]
[PlyCount "121"]
[EventDate "2011.06.10"]
[EventType "swiss"]
[EventRounds "7"]
[EventCountry "NED"]
[SourceTitle "EXT 2012"]
[Source "ChessBase"]
[SourceDate "2011.11.24"]
[SourceVersion "1"]
[SourceVersionDate "2011.11.24"]
[SourceQuality "1"]

1. d4 d5 2. e3 Nf6 3. c4 c6 4. Nf3 Bf5 5. Nc3 e6 6. cxd5 cxd5 7. Qa4+ Qd7 8. Bb5 Nc6 9. Ne5 Qc7 10. Nxc6 Bd3 11. Ne5+ Bxb5 12. Nxb5 Qe7 13. Nc7+ Kd8 14. Nxa8 Qb4+ 15. Qxb4 Bxb4+ 16. Ke2 Rf8 17. a3 Bd6 18. Nd3 Kd7 19. Nc5+ Bxc5 20. dxc5 Rxa8 21. Bd2 Ne4 22. f3 Nxc5 23. Rhc1 Nb3 24. Bc3 g6 25. Rab1 Nxc1+ 26. Rxc1 a6 27. Be5 Rc8 28. Rd1 Rc2+ 29. Rd2 Rc6 30. e4 Rc5 31. exd5 Rxd5 32. Rxd5+ exd5 33. Ke3 Ke6 34. Kd4 h6 35. f4 f6 36. Bc7 g5 37. fxg5 hxg5 38. g4 Kd7 39. Bg3 Ke6 40. Bf2 b6 41. h3 b5 42. b4 Kd6 43. h4 gxh4 44. Bxh4 Ke6 45. Bxf6 Kxf6 46. Kxd5 Kg5 47. Kc6 Kxg4 48. Kb6 Kf5 49. Kxa6 Ke6 50. Kxb5 Kd7 51. Kb6 Kc8 52. a4 Kb8 53. b5 Ka8 54. a5 Kb8 55. Kc6 Ka7 56. b6+ Ka8 57. a6 Kb8 58. a7+ Ka8 59. b7+ Kxa7 60. Kc7 Ka6 61. b8Q 1-0

[Event "Maastricht Limburg op-C 4th"]
[Site "Maastricht"]
[Date "2010.05.23"]
[Round "4"]
[White "Van Ginneken, Maikel"]
[Black "Slangen Knuit, Dien"]
[Result "0-1"]
[WhiteElo "1331"]
[BlackElo "1121"]
[PlyCount "74"]
[EventDate "2010.05.21"]
[EventType "swiss"]
[EventRounds "7"]
[EventCountry "NED"]
[SourceTitle "EXT 2011"]
[Source "ChessBase"]
[SourceDate "2010.11.26"]
[SourceVersion "1"]
[SourceVersionDate "2010.11.26"]
[SourceQuality "1"]

1. d4 d5 2. c4 e6 3. Nf3 Nf6 4. Bf4 c6 5. Nc3 Nbd7 6. e3 Be7 7. Bd3 0-0 8. e4 dxe4 9. Nxe4 Bb4+ 10. Bd2 Bxd2+ 11. Qxd2 Nxe4 12. Bxe4 Nf6 13. Bd3 b6 14. 0-0 Bb7 15. Ne5 Qc7 16. Rfe1 Rad8 17. Rad1 c5 18. dxc5 bxc5 19. b3 Rd4 20. b4 Ne4 21. Qc2 Qxe5 22. f3 f5 23. bxc5 Qxc5 24. Bxe4 Rxc4+ 25. Qf2 Qxf2+ 26. Kxf2 fxe4 27. Rd7 Bd5 28. Rxa7 Rc2+ 29. Kg3 exf3 30. a4 Rxg2+ 31. Kh3 f2 32. Rf1 Rg1 33. Rxf2 Rxf2 34. a5 Rf3+ 35. Kh4 Rf4+ 36. Kh3 g5 37. a6 Rh4# 0-1